[Event "17. Int. Offene Wiener Schachmeisterschaft 2011 A-
[Site "Grosser Festsaal im Wiener Rathaus"]
[Date "2011.08.20"]
[Round "8"]
[Board "1"]
[White "Siclovan, Cristian-Daniel"]
[Black "Feher, Adam"]
[Result "0-1"]
[WhiteElo "2116"]
[BlackElo "2323"]
[PlyCount "82"]
[EventDate "2011.08.13"]
[EventRounds "9"]
[EventCountry "AUT"]

1.e4 c6 2.d4 d5 3.Nc3 dxe4 4.Nxe4 Bf5 5.Ng3 Bg6 6.h4 h6 7.Nf3 Nd7 8.h5 Bh7 9.Bd3
Bxd3 10.Qxd3 e6 11.Bf4 Qa5+ 12.Bd2 Bb4 13.a3 Bxd2+ 14.Qxd2 Qxd2+ 15.Nxd2 Ngf6
16.f3 O-O-O 17.Nde4 Nb6 18.O-O-O Nfd5 19.b3 Nf4 20.c4 f5 21.Nc5 Nd7 22.Nxd7 Rxd7
23.Rd2 Rhd8 24.Rhd1 c5 25.d5 exd5 26.cxd5 Rf7 27.Rc2 b6 28.d6 Kd7 29.b4 Kc6
30.Rcd2 Ne6 31.Ne2 Rfd7 32.Ng3 Rf7 33.Rd5 Nd4 34.R1xd4 cxd4 35.Rxf5 Rxf5 36.Nxf5
Rf8 37.g4 Rxf5 38.gxf5 Kxd6 39.Kd2 b5 40.Ke2 Ke5 41.Kd3 Kd5 0-1

[Event "17. Int. Offene Wiener Schachmeisterschaft 2011 A-
[Site "Grosser Festsaal im Wiener Rathaus"]
[Date "2011.08.20"]
[Round "8"]
[Board "1"]
[White "Torner Planell, Josep Ramon"]
[Black "Kostic, Vladimir"]
[Result "0-1"]
[WhiteElo "2039"]
[BlackElo "2445"]
[PlyCount "53"]
[EventDate "2011.08.13"]
[EventRounds "9"]
[EventCountry "AUT"]

1.e4 c5 2.Nf3 e6 3.d4 cxd4 4.Nxd4 Nf6 5.Nc3 Nc6 6.Ndb5 d6 7.Bf4 e5 8.Bg5 a6
9.Na3 b5 10.Nd5 Be7 11.Bxf6 Bxf6 12.c4 b4 13.Nc2 Rb8 14.b3 O-O 15.Bd3 Bg5 16.O-O
a5 17.Qe2 g6 18.Rfb1 Bh6 19.a3 bxa3 20.Rxa3 Be6 21.Ra4 Kh8 22.b4 axb4 23.Ndxb4
Qg5 24.Rd1 Nxb4 25.Nxb4 Bd7 26.Ra7 Bg4 27.Raa1 0-1

[Event "17. Int. Offene Wiener Schachmeisterschaft 2011 A-
[Site "Grosser Festsaal im Wiener Rathaus"]
[Date "2011.08.20"]
[Round "8"]
[Board "1"]
[White "Schroll, Gerhard"]
[Black "Kirschner, Alexander"]
[Result "1/2-1/2"]
[WhiteElo "2414"]
[BlackElo "2268"]
[PlyCount "39"]
[EventDate "2011.08.13"]
[EventRounds "9"]
[EventCountry "AUT"]

1.d4 e6 2.Nf3 Nf6 3.Bg5 h6 4.Bh4 b6 5.Nbd2 Bb7 6.c3 c5 7.e3 Be7 8.dxc5 bxc5
9.Qb3 Qc8 10.Nc4 O-O 11.Rd1 d5 12.Nce5 Nc6 13.Nxc6 Bxc6 14.Ne5 Rb8 15.Nxc6 Qxc6
16.Qc2 Qb7 17.b3 c4 18.b4 Ne4 19.Bxe7 Qxe7 20.Rd4 1/2-1/2

[Event "17. Int. Offene Wiener Schachmeisterschaft 2011 A-
[Site "Grosser Festsaal im Wiener Rathaus"]
[Date "2011.08.20"]
[Round "8"]
[Board "1"]
[White "Steiner, Adam"]
[Black "Danner, Georg"]
[Result "1-0"]
[WhiteElo "2261"]
[BlackElo "2401"]
[PlyCount "85"]
[EventDate "2011.08.13"]
[EventRounds "9"]
[EventCountry "AUT"]

1.e4 c5 2.Nf3 Nc6 3.c3 Nf6 4.e5 Nd5 5.d4 cxd4 6.Bc4 Nb6 7.Bb3 d6 8.cxd4 dxe5
9.d5 Na5 10.Nc3 Nxb3 11.Qxb3 e6 12.Be3 Nxd5 13.Rd1 Qa5 14.O-O Nxc3 15.bxc3 Be7
16.Rfe1 O-O 17.Bg5 f6 18.Rxe5 Qc7 19.Rxe6 Bxe6 20.Qxe6+ Rf7 21.Be3 b5 22.h4 Qc4
23.Qa6 Bc5 24.Qc6 Rb8 25.Qxc5 Rc8 26.Qxc4 Rxc4 27.Bd4 Ra4 28.Rd2 Rd7 29.Rb2 a6
30.Kf1 Re7 31.Nd2 Kf7 32.f3 f5 33.Nb3 Kg6 34.Nc5 Ra3 35.Nd3 Re8 36.Ne5+ Kh5
37.g3 f4 38.gxf4 Rd8 39.Rg2 g6 40.Rg5+ Kxh4 41.Bf2+ Kh3 42.Rg3+ Kh4 43.Rg4+ 1-0

[Event "17. Int. Offene Wiener Schachmeisterschaft 2011 A-
[Site "Grosser Festsaal im Wiener Rathaus"]
[Date "2011.08.20"]
[Round "8"]
[Board "1"]
[White "Ootes, Lars"]
[Black "Kaufeld, Juergen"]
[Result "1-0"]
[WhiteElo "2376"]
[BlackElo "2260"]
[PlyCount "121"]
[EventDate "2011.08.13"]
[EventRounds "9"]
[EventCountry "AUT"]

1.e4 c5 2.Nf3 d6 3.d4 cxd4 4.Nxd4 Nf6 5.Nc3 a6 6.Bg5 e6 7.f4 Be7 8.Qf3 Qa5
9.O-O-O Bd7 10.e5 dxe5 11.fxe5 Nc6 12.Nf5 exf5 13.exf6 gxf6 14.Bf4 Be6 15.Nd5
Ne5 16.Qb3 Rd8 17.Bc4 Qc5 18.Nxf6+ Bxf6 19.Rxd8+ Kxd8 20.Bxe6 fxe6 21.Rd1+ Ke7
22.Qxb7+ Ke8 23.a4 a5 24.g3 Qe7 25.Qb5+ Nd7 26.Qc6 Rg8 27.Rd6 Rg6 28.Kb1 e5
29.Re6 exf4 30.Qa8+ Kf7 31.Rxe7+ Kxe7 32.gxf4 Rg1+ 33.Ka2 Rf1 34.Qxa5 Rxf4 35.c3
Rf2 36.Qb4+ Ke6 37.Qc4+ Ke7 38.Qb4+ Ke6 39.h3 Be5 40.a5 Rf4 41.Qb5 Bb8 42.b4 Re4
43.a6 Re5 44.Qxb8 Nxb8 45.a7 Nd7 46.a8=Q f4 47.Qe8+ Kd6 48.Qf7 Re4 49.Qxh7 Re6
50.c4 Ne5 51.Qh4 Ng6 52.Qd8+ Ke5 53.Qd5+ Kf6 54.c5 Ne5 55.b5 f3 56.Qd4 Kf5 57.c6
Re7 58.Kb3 Ke6 59.Qc5 Rc7 60.Kc3 Kf5 61.Kd4 1-0

[Event "17. Int. Offene Wiener Schachmeisterschaft 2011 A-
[Site "Grosser Festsaal im Wiener Rathaus"]
[Date "2011.08.20"]
[Round "8"]
[Board "1"]
[White "Singer, Richard"]
[Black "MacKinnon, Keith"]
[Result "1/2-1/2"]
[WhiteElo "2260"]
[BlackElo "2201"]
[PlyCount "39"]
[EventDate "2011.08.13"]
[EventRounds "9"]
[EventCountry "AUT"]

1.d4 Nf6 2.c4 e6 3.Nc3 Bb4 4.Qc2 O-O 5.Nf3 b6 6.g3 Ba6 7.a3 Bxc3+ 8.Qxc3 d6
9.Bg2 Nbd7 10.O-O c5 11.b3 Rc8 12.Rd1 Bb7 13.Bb2 Qe7 14.dxc5 Nxc5 15.Nd4 d5
16.cxd5 Na4 17.d6 Qxd6 18.Qd2 Nxb2 19.Qxb2 Bxg2 20.Kxg2 1/2-1/2

[Event "17. Int. Offene Wiener Schachmeisterschaft 2011 A-
[Site "Grosser Festsaal im Wiener Rathaus"]
[Date "2011.08.20"]
[Round "8"]
[Board "1"]
[White "Buljubasic, Sabahudin"]
[Black "Ortiz, Nadya"]
[Result "1-0"]
[WhiteElo "2333"]
[BlackElo "2242"]
[PlyCount "69"]
[EventDate "2011.08.13"]
[EventRounds "9"]
[EventCountry "AUT"]

1.e4 c5 2.Nf3 e6 3.d4 cxd4 4.Nxd4 a6 5.Bd3 Bc5 6.Nb3 Ba7 7.Qe2 d6 8.Be3 Nf6
9.Nc3 O-O 10.O-O-O Qc7 11.Bxa7 Rxa7 12.f4 Nc6 13.g4 b5 14.g5 Nd7 15.h4 b4 16.Na4
Ne7 17.Qd2 Nc5 18.Naxc5 dxc5 19.Qe3 a5 20.Qxc5 Qxf4+ 21.Kb1 Qb8 22.Nxa5 e5
23.Nc4 Be6 24.b3 Qa8 25.a4 bxa3 26.Qxe5 a2+ 27.Ka1 Rb8 28.h5 Nc6 29.Qc3 Rbb7
30.Nd6 Rb6 31.h6 Qf8 32.Nf5 Bxf5 33.exf5 Nb4 34.hxg7 Qa8 35.f6 1-0

[Event "17. Int. Offene Wiener Schachmeisterschaft 2011 A-
[Site "Grosser Festsaal im Wiener Rathaus"]
[Date "2011.08.20"]
[Round "8"]
[Board "1"]
[White "Haast, Anne"]
[Black "Postojev, Alexander"]
[Result "0-1"]
[WhiteElo "2223"]
[BlackElo "2332"]
[PlyCount "88"]
[EventDate "2011.08.13"]
[EventRounds "9"]
[EventCountry "AUT"]

1.e4 d5 2.exd5 Qxd5 3.Nc3 Qd6 4.d4 c6 5.Nf3 Bg4 6.Bc4 e6 7.Be3 Nf6 8.Qe2 Be7
9.O-O-O Nbd7 10.h3 Bh5 11.g4 Bg6 12.Nd2 a5 13.f4 a4 14.Qf3 Qb4 15.a3 Qa5 16.Bf2
O-O 17.Rde1 Rfe8 18.Rhg1 b5 19.f5 bxc4 20.fxg6 hxg6 21.Nxc4 Qa6 22.Qe2 Nd5
23.Ne4 N7b6 24.Nxb6 Qxb6 25.c4 Nf4 26.Qc2 Reb8 27.Rg3 Rb7 28.d5 c5 29.dxe6 Nxe6
30.Rf3 Rab8 31.Re2 Qa6 32.Qd3 Rb3 33.Nc3 Bf6 34.Rxf6 gxf6 35.Bg3 Nd4 36.Bxb8
Nxe2+ 37.Qxe2 Rxb8 38.Nd5 Rd8 39.Qe4 Qe6 40.Qf3 Kg7 41.Kb1 Qe5 42.Ka1 Rb8 43.Qf2
Rb3 44.h4 Rxa3+ 0-1

[Event "17. Int. Offene Wiener Schachmeisterschaft 2011 A-
[Site "Grosser Festsaal im Wiener Rathaus"]
[Date "2011.08.20"]
[Round "8"]
[Board "1"]
[White "Wallner, Joachim"]
[Black "Wiedermann, Daniel"]
[Result "1-0"]
[WhiteElo "2328"]
[BlackElo "2209"]
[PlyCount "51"]
[EventDate "2011.08.13"]
[EventRounds "9"]
[EventCountry "AUT"]

1.d4 Nf6 2.Nf3 g6 3.Bf4 Bg7 4.Nc3 d5 5.h3 O-O 6.e3 c5 7.Be2 cxd4 8.exd4 Nc6
9.O-O Ne4 10.Na4 Qa5 11.c3 b5 12.Nc5 b4 13.cxb4 Qxb4 14.Nd3 Qb6 15.Be3 Nxd4
16.Kh1 Ba6 17.Nf4 Bxe2 18.Nxe2 e5 19.Nexd4 exd4 20.Bxd4 Bxd4 21.Qxd4 Qxd4
22.Nxd4 Rab8 23.b3 Rb4 24.Rad1 Nc3 25.Rd2 Nxa2 26.Nc6 1-0

[Event "17. Int. Offene Wiener Schachmeisterschaft 2011 A-
[Site "Grosser Festsaal im Wiener Rathaus"]
[Date "2011.08.21"]
[Round "9"]
[Board "1"]
[White "Khenkin, Igor"]
[Black "Petrov, Marijan"]
[Result "0-1"]
[WhiteElo "2620"]
[BlackElo "2534"]
[PlyCount "92"]
[EventDate "2011.08.13"]
[EventRounds "9"]
[EventCountry "AUT"]

1.d4 g6 2.e4 Bg7 3.Nf3 d6 4.Nc3 Nf6 5.Be2 O-O 6.O-O Bg4 7.Be3 Nc6 8.d5 Bxf3
9.Bxf3 Ne5 10.Be2 c6 11.f4 Ned7 12.dxc6 bxc6 13.Bf3 Qc7 14.Qd2 Rab8 15.b3 a5
16.Rad1 Rfd8 17.Na4 Nf8 18.c4 N6d7 19.Kh1 Ne6 20.Qf2 c5 21.e5 Nd4 22.exd6 exd6
23.Nc3 Nb6 24.Bxd4 cxd4 25.Nb5 Qc5 26.Nxd4 d5 27.Rd2 a4 28.f5 dxc4 29.Nc6 Qxf2
30.Rdxf2 axb3 31.axb3 cxb3 32.fxg6 fxg6 33.Nxd8 Rxd8 34.Bd1 b2 35.Bb3+ Kh8 36.g3
Rd3 37.Bc2 Rc3 38.Bxg6 Rc1 39.Be4 Nc4 40.Kg2 Ne3+ 41.Kg1 Bd4 42.Rf8+ Kg7
43.R8f7+ Kh6 44.h4 Nxf1+ 45.Kg2 Ne3+ 46.Kh3 Rh1+ 0-1

[Event "17. Int. Offene Wiener Schachmeisterschaft 2011 A-
[Site "Grosser Festsaal im Wiener Rathaus"]
[Date "2011.08.21"]
[Round "9"]
[Board "1"]
[White "Riff, Jean-Noel"]
[Black "Rau, Hannes"]
[Result "1/2-1/2"]
[WhiteElo "2493"]
[BlackElo "2448"]
[PlyCount "129"]
[EventDate "2011.08.13"]
[EventRounds "9"]
[EventCountry "AUT"]

1.e4 c5 2.Nf3 Nc6 3.Nc3 e5 4.Bc4 Be7 5.Nd5 Nf6 6.Nxe7 Qxe7 7.d3 d6 8.c3 Be6
9.Bb5 h6 10.h3 a6 11.Ba4 b5 12.Bc2 d5 13.Qe2 O-O 14.g4 dxe4 15.dxe4 Nh7 16.Rg1
g5 17.h4 Rfd8 18.hxg5 hxg5 19.Qf1 f6 20.Qh3 Rd7 21.Be3 Rad8 22.Rh1 Na5 23.Nd2
Nc4 24.Nxc4 Bxc4 25.Qh6 Rc8 26.f3 Qg7 27.Qh2 Nf8 28.Bb3 Be6 29.Rd1 Rxd1+ 30.Kxd1
a5 31.Kc1 Bxb3 32.axb3 Ne6 33.Rd1 Nd4 34.Kb1 Nxb3 35.Rd6 c4 36.Qh1 b4 37.Qd1 Qf7
38.Rd7 Qe6 39.Rb7 Re8 40.cxb4 axb4 41.Rxb4 Ra8 42.Kc2 Nd4+ 43.Bxd4 Rd8 44.Qh1
Qd7 45.Qf1 exd4 46.Qxc4+ Kh8 47.Kd3 Qd6 48.Qf7 Qxb4 49.Qxf6+ Kh7 50.Qf7+ Kh8
51.Qh5+ Kg7 52.Qxg5+ Kf7 53.Qxd8 Qb3+ 54.Kd2 Qxb2+ 55.Ke1 Qc1+ 56.Kf2 Qe3+
57.Kg3 d3 58.Qd5+ Ke8 59.Qc6+ Kd8 60.Qa8+ Kc7 61.Qa5+ Kb7 62.Qb4+ Ka6 63.Qa3+
Kb5 64.Qb3+ Ka6 65.Qa3+ 1/2-1/2

[Event "17. Int. Offene Wiener Schachmeisterschaft 2011 A-
[Site "Grosser Festsaal im Wiener Rathaus"]
[Date "2011.08.21"]
[Round "9"]
[Board "1"]
[White "Schneider-Zinner, Harald"]
[Black "Gozzoli, Yannick"]
[Result "1/2-1/2"]
[WhiteElo "2346"]
[BlackElo "2532"]
[PlyCount "53"]
[EventDate "2011.08.13"]
[EventRounds "9"]
[EventCountry "AUT"]

1.c4 g6 2.Nc3 Bg7 3.g3 Nf6 4.Bg2 O-O 5.e4 c5 6.Nge2 Nc6 7.O-O Ne8 8.Rb1 Nc7 9.a3
a5 10.b3 d6 11.Bb2 Bg4 12.f3 Bd7 13.Nd5 Bxb2 14.Rxb2 Ne6 15.b4 axb4 16.axb4 Nxb4
17.Nxb4 cxb4 18.Rxb4 Qa5 19.Qb1 Qc5+ 20.Kh1 Bc6 21.Qb2 Ra5 22.d4 Qa7 23.Qd2 Bd7
24.Rfb1 Ra2 25.R4b2 Rxb2 26.Qxb2 Ra8 27.Bh3 1/2-1/2

[Event "17. Int. Offene Wiener Schachmeisterschaft 2011 A-
[Site "Grosser Festsaal im Wiener Rathaus"]
[Date "2011.08.21"]
[Round "9"]
[Board "1"]
[White "Szalanczy, Emil"]
[Black "Rombaldoni, Denis"]
[Result "0-1"]
[WhiteElo "2325"]
[BlackElo "2495"]
[PlyCount "120"]
[EventDate "2011.08.13"]
[EventRounds "9"]
[EventCountry "AUT"]

1.e4 c6 2.d4 d5 3.e5 Bf5 4.Nf3 e6 5.Be2 Nd7 6.O-O Ne7 7.Nbd2 h6 8.Nb3 g5 9.c3
Qc7 10.Be3 Bg7 11.h3 f6 12.exf6 Bxf6 13.Nh2 O-O-O 14.Bh5 Bg6 15.Bxg6 Nxg6 16.Qh5
Rdg8 17.Rae1 Qd6 18.Ng4 Bd8 19.g3 Bc7 20.Bd2 Kb8 21.Re2 e5 22.dxe5 Ndxe5 23.Nd4
Nxg4 24.hxg4 Ne5 25.Rfe1 Nd3 26.Re8+ Bd8 27.R1e6 Qd7 28.Rxg8 Rxg8 29.Rxh6 Nxb2
30.Rh7 Qe8 31.Qxe8 Rxe8 32.Rg7 Nd1 33.Kf1 c5 34.Nf5 Bf6 35.Rd7 Nxc3 36.Bxc3 Bxc3
37.Rxd5 b6 38.Ne3 Bd4 39.Ke2 Rg8 40.Rd7 Re8 41.Rd5 Bxe3 42.fxe3 Rg8 43.e4 Kc7
44.Ke3 Kc6 45.a4 a6 46.Rf5 Rg6 47.Rf8 b5 48.Rc8+ Kb6 49.a5+ Kxa5 50.Rxc5 Kb4
51.Rc1 a5 52.e5 a4 53.Kd4 a3 54.Rb1+ Ka4 55.Kc5 a2 56.Ra1 Kb3 57.Kxb5 Re6 58.Re1
Rxe5+ 59.Rxe5 a1=Q 60.Re3+ Kc2 0-1

[Event "17. Int. Offene Wiener Schachmeisterschaft 2011 A-
[Site "Grosser Festsaal im Wiener Rathaus"]
[Date "2011.08.21"]
[Round "9"]
[Board "1"]
[White "Fauland, Alexander"]
[Black "Froewis, Georg"]
[Result "1/2-1/2"]
[WhiteElo "2477"]
[BlackElo "2329"]
[PlyCount "117"]
[EventDate "2011.08.13"]
[EventRounds "9"]
[EventCountry "AUT"]

1.c4 c6 2.Nf3 d5 3.g3 Nf6 4.Bg2 g6 5.Qa4 Nbd7 6.cxd5 Nb6 7.Qh4 cxd5 8.d3 Bg7
9.Bh6 O-O 10.Nc3 Ng4 11.Bxg7 Kxg7 12.h3 Nf6 13.O-O h6 14.Rac1 Bd7 15.Qd4 Bc6
16.Rfd1 Qd6 17.e4 dxe4 18.dxe4 Qxd4 19.Nxd4 e5 20.Nxc6 bxc6 21.Kf1 Rfd8 22.Ke2
Kf8 23.Rxd8+ Rxd8 24.Nd1 Rc8 25.Rc5 Nfd7 26.Ra5 Rc7 27.Ne3 Ke7 28.f4 c5 29.h4 h5
30.Bh3 Nb8 31.Kd2 Kd6 32.Ra3 Nc6 33.Rc3 Nd4 34.Rc1 Nf3+ 35.Ke2 Nd4+ 36.Kd2 a5
37.Kd3 Nc6 38.a3 Rb7 39.b3 a4 40.Rb1 Ra7 41.bxa4 exf4 42.gxf4 Kc7 43.Rb5 Rxa4
44.Nc2 c4+ 45.Kc3 Ra8 46.Bf1 Re8 47.e5 Rd8 48.Bxc4 f6 49.exf6 Rf8 50.f5 Rxf6
51.Ne3 Ne7 52.Bd3 gxf5 53.Bxf5 Kc6 54.Ra5 Ned5+ 55.Kd4 Nxe3 56.Be4+ Kd6 57.Rxh5
Nec4 58.a4 Rf4 59.a5 1/2-1/2

[Event "17. Int. Offene Wiener Schachmeisterschaft 2011 A-
[Site "Grosser Festsaal im Wiener Rathaus"]
[Date "2011.08.21"]
[Round "9"]
[Board "1"]
[White "Feher, Adam"]
[Black "Poetsch, Hagen"]
[Result "1/2-1/2"]
[WhiteElo "2323"]
[BlackElo "2403"]
[PlyCount "84"]
[EventDate "2011.08.13"]
[EventRounds "9"]
[EventCountry "AUT"]

1.e4 Nc6 2.Nf3 f5 3.exf5 d5 4.d4 Bxf5 5.Bd3 Bg4 6.h3 Bxf3 7.Qxf3 g6 8.Bb5 Bg7
9.O-O Nf6 10.Qe2 Qd6 11.Bxc6+ bxc6 12.Nd2 O-O 13.c3 Nd7 14.Nf3 c5 15.dxc5 Nxc5
16.Be3 e5 17.Rad1 Ne6 18.Ng5 Nf4 19.Bxf4 Rxf4 20.c4 Rxc4 21.Qf3 c6 22.Qf7+ Kh8
23.Qe8+ Qf8 24.Qe6 Bf6 25.Nf7+ Kg7 26.Nd6 Rc2 27.Rc1 Rxc1 28.Rxc1 Qe7 29.Qxe7+
Bxe7 30.Rxc6 Rd8 31.Nb7 Rb8 32.Rc7 Kf6 33.Kf1 Ke6 34.b3 e4 35.Ke2 Rf8 36.Nc5+
Bxc5 37.Rxc5 d4 38.Rc6+ Ke5 39.Rc7 a6 40.Re7+ Kd5 41.Rd7+ Ke5 42.Re7+ Kd5 1/2-1/2

[Event "17. Int. Offene Wiener Schachmeisterschaft 2011 A-
[Site "Grosser Festsaal im Wiener Rathaus"]
[Date "2011.08.21"]
[Round "9"]
[Board "1"]
[White "Biti, Ozren"]
[Black "Ortmann, David"]
[Result "1/2-1/2"]
[WhiteElo "2400"]
[BlackElo "2322"]
[PlyCount "98"]
[EventDate "2011.08.13"]
[EventRounds "9"]
[EventCountry "AUT"]

1.e4 c6 2.Nc3 d5 3.Qe2 d4 4.Nd1 g6 5.d3 Bg7 6.g3 Nf6 7.f4 c5 8.Nf2 Nc6 9.Bh3
Qa5+ 10.Kf1 O-O 11.Kg2 b5 12.Bd2 Qb6 13.Bxc8 Raxc8 14.Nf3 Rfd8 15.h4 Nb4 16.Rhc1
a5 17.c4 Nd7 18.h5 bxc4 19.Rxc4 Qb5 20.a4 Qc6 21.b3 Nb6 22.Rcc1 Qe6 23.Ra3 Nd7
24.Ng5 Qa6 25.hxg6 hxg6 26.Rh1 Nf8 27.Raa1 Nc2 28.Rad1 Rb8 29.e5 Rxb3 30.f5 Qc6+
31.Kg1 Rb2 32.e6 fxe6 33.fxg6 Ne3 34.Nfe4 e5 35.Qh5 Qxg6 36.Qxg6 Nxg6 37.Bxe3
dxe3 38.Rh2 e2 39.Re1 Rxd3 40.Rhxe2 Rxe2 41.Rxe2 Bh6 42.Ne6 c4 43.Rc2 Kf7
44.N6c5 Be3+ 45.Kg2 Bxc5 46.Nxc5 Rd4 47.Rc3 e4 48.Re3 Ne5 49.Nxe4 Nd7 1/2-1/2

[Event "17. Int. Offene Wiener Schachmeisterschaft 2011 A-
[Site "Grosser Festsaal im Wiener Rathaus"]
[Date "2011.08.21"]
[Round "9"]
[Board "1"]
[White "Beckhuis, Gernod"]
[Black "Lekic, Dusan"]
[Result "1/2-1/2"]
[WhiteElo "2300"]
[BlackElo "2378"]
[PlyCount "106"]
[EventDate "2011.08.13"]
[EventRounds "9"]
[EventCountry "AUT"]

1.d4 d5 2.c4 c6 3.Nf3 Nf6 4.Nc3 e6 5.e3 Nbd7 6.Bd3 dxc4 7.Bxc4 b5 8.Bd3 Bb7
9.O-O a6 10.e4 c5 11.d5 Qc7 12.Bc2 c4 13.Nd4 Nc5 14.b4 cxb3 15.axb3 b4 16.Na4
Ncxe4 17.dxe6 Bd6 18.exf7+ Kxf7 19.g3 Rad8 20.Re1 Be5 21.Bb2 Ng5 22.Rc1 Qa5
23.Nc5 Bxd4 24.Nxb7 Qd5 25.Nxd8+ Rxd8 26.Be4 Ngxe4 27.Qxd4 Qxd4 28.Bxd4 Rxd4
29.Rc7+ Kg6 30.Ra1 Rd6 31.Rb7 Nd5 32.Rd1 Nc5 33.Rxb4 Nxb4 34.Rxd6+ Kf7 35.Rd1
Ke6 36.Re1+ Kd6 37.Rb1 Kd5 38.Rd1+ Ncd3 39.Rd2 Kd4 40.Re2 Kc3 41.Re7 g6 42.Rxh7
Kxb3 43.h4 a5 44.h5 gxh5 45.Rxh5 a4 46.Ra5 a3 47.f4 a2 48.f5 Nc5 49.Rxa2 Nxa2
50.g4 Nc3 51.g5 N3e4 52.f6 Nxg5 53.f7 Nxf7 1/2-1/2

[Event "17. Int. Offene Wiener Schachmeisterschaft 2011 A-
[Site "Grosser Festsaal im Wiener Rathaus"]
[Date "2011.08.21"]
[Round "9"]
[Board "1"]
[White "Kummer, Helmut"]
[Black "Certek, Pavel"]
[Result "1/2-1/2"]
[WhiteElo "2362"]
[BlackElo "2314"]
[PlyCount "207"]
[EventDate "2011.08.13"]
[EventRounds "9"]
[EventCountry "AUT"]

1.d4 Nf6 2.c4 g6 3.Nc3 d5 4.Nf3 Bg7 5.Qb3 c6 6.e3 O-O 7.Bd2 b6 8.Be2 Bb7 9.O-O
e6 10.Rad1 Nbd7 11.Rfe1 Qb8 12.Qc2 c5 13.dxc5 Nxc5 14.cxd5 Nxd5 15.Nxd5 Bxd5
16.Bc3 Bxc3 17.Qxc3 a5 18.a3 Rc8 19.Qf6 Nd7 20.Qh4 Nf8 21.e4 Bb3 22.Rd2 e5
23.Qg3 Re8 24.Bb5 Re7 25.Nxe5 Rxe5 26.Qxb3 Ne6 27.Bc6 Ra7 28.Red1 Re7 29.Bd5 Qc7
30.Bxe6 R7xe6 31.f3 Rc5 32.Qd3 Qe5 33.Qd8+ Kg7 34.Qd4 Qxd4+ 35.Rxd4 Rb5 36.R1d2
Rc6 37.Kf2 Rc1 38.b4 Ra1 39.Rd5 Rxd5 40.exd5 Kf8 41.d6 Ke8 42.bxa5 bxa5 43.d7+
Kd8 44.Rd3 Ra2+ 45.Kg3 h6 46.h4 a4 47.f4 Re2 48.Kf3 Re1 49.Rd4 Ra1 50.Rxa4 Kxd7
51.Rd4+ Ke6 52.Rd3 h5 53.Ke4 Re1+ 54.Re3 Rd1 55.g3 Ra1 56.Rb3 Kd6 57.Kd4 Rd1+
58.Rd3 Ra1 59.Kc4+ Kc6 60.Kb4 Kb6 61.Rc3 Rb1+ 62.Ka4 Rg1 63.Kb3 Kb5 64.a4+ Kb6
65.Kb4 Rb1+ 66.Rb3 Rc1 67.Rd3 Rb1+ 68.Kc4 Ra1 69.Rd6+ Kc7 70.Ra6 Rg1 71.Ra7+ Kb6
72.Rxf7 Rxg3 73.Kb4 Rg4 74.a5+ Ka6 75.Rf6+ Ka7 76.Kb5 Rg1 77.Rf7+ Kb8 78.Rg7
Rb1+ 79.Kc5 Rf1 80.Kb6 Rb1+ 81.Kc6 Rf1 82.Rf7 Rh1 83.Rf6 Rg1 84.Kd5 Kb7 85.Ke6
Rg4 86.Kf7 Rxh4 87.Kxg6 Rh1 88.Rb6+ Ka7 89.f5 h4 90.f6 Rg1+ 91.Kf7 h3 92.Rb2 Rg2
93.Rb3 h2 94.Rh3 Ka6 95.Rh5 Rf2 96.Kg7 Rg2+ 97.Kf8 Rf2 98.f7 Re2 99.Kg7 Rg2+
100.Kf6 Rf2+ 101.Ke7 Re2+ 102.Kf8 Rf2 103.Kg7 Rg2+ 104.Kf8 1/2-1/2

[Event "17. Int. Offene Wiener Schachmeisterschaft 2011 A-
[Site "Grosser Festsaal im Wiener Rathaus"]
[Date "2011.08.21"]
[Round "9"]
[Board "1"]
[White "Schachinger, Mario"]
[Black "De Groote, Ewoud"]
[Result "1/2-1/2"]
[WhiteElo "2360"]
[BlackElo "2263"]
[PlyCount "59"]
[EventDate "2011.08.13"]
[EventRounds "9"]
[EventCountry "AUT"]

1.d4 Nf6 2.c4 e6 3.g3 d5 4.Nf3 Bb4+ 5.Bd2 Be7 6.Bg2 O-O 7.O-O c6 8.Qc2 Nbd7
9.Bf4 Nh5 10.Bc1 f5 11.b3 Nhf6 12.Ba3 Bxa3 13.Nxa3 Qe7 14.Qb2 b6 15.Rac1 Bb7
16.b4 Rfc8 17.b5 c5 18.e3 a6 19.Ne5 Ne4 20.Rfd1 cxd4 21.Nxd7 Qxd7 22.Rxd4 axb5
23.Nxb5 Ra4 24.Bxe4 fxe4 25.c5 Ra5 26.Nd6 Rcxc5 27.Rxc5 Rxc5 28.Qxb6 Rc6 29.Qxb7
Rxd6 30.Qa8+ 1/2-1/2

[Event "17. Int. Offene Wiener Schachmeisterschaft 2011 A-
[Site "Grosser Festsaal im Wiener Rathaus"]
[Date "2011.08.21"]
[Round "9"]
[Board "1"]
[White "Gleizerov, Evgeny"]
[Black "Scharrer, Patrick"]
[Result "1-0"]
[WhiteElo "2590"]
[BlackElo "2233"]
[PlyCount "63"]
[EventDate "2011.08.13"]
[EventRounds "9"]
[EventCountry "AUT"]

1.d4 g6 2.c4 Bg7 3.e4 d6 4.Be2 e5 5.Nf3 Nd7 6.Nc3 c6 7.O-O Nh6 8.Rb1 O-O 9.dxe5
dxe5 10.b4 f6 11.c5 Qe7 12.Nd2 Rd8 13.Qa4 Nf8 14.Nc4 Be6 15.Be3 f5 16.f3 f4
17.Bf2 a6 18.Rfd1 Nf7 19.Qc2 g5 20.g4 fxg3 21.hxg3 h5 22.Ne3 Ng6 23.Ncd5 cxd5
24.exd5 Nf8 25.dxe6 Nxe6 26.Nd5 Rxd5 27.Rxd5 Nd4 28.Qe4 Qf6 29.Bxd4 exd4 30.Rf5
Qc6 31.Qxc6 bxc6 32.Bc4 1-0

[Event "17. Int. Offene Wiener Schachmeisterschaft 2011 A-
[Site "Grosser Festsaal im Wiener Rathaus"]
[Date "2011.08.21"]
[Round "9"]
[Board "1"]
[White "Kostic, Vladimir"]
[Black "Handler, Lukas"]
[Result "1-0"]
[WhiteElo "2445"]
[BlackElo "2301"]
[PlyCount "69"]
[EventDate "2011.08.13"]
[EventRounds "9"]
[EventCountry "AUT"]

1.d4 Nf6 2.Nf3 e6 3.c4 b6 4.a3 Bb7 5.Nc3 d5 6.Bg5 Be7 7.e3 Nbd7 8.Qc2 Rc8 9.Rd1
O-O 10.Be2 h6 11.Bh4 dxc4 12.e4 c5 13.O-O cxd4 14.Rxd4 Bc5 15.Bxf6 gxf6 16.Rdd1
Kg7 17.Bxc4 Qe7 18.Qe2 Ne5 19.Nxe5 fxe5 20.Rd3 Kh7 21.Rh3 Bd4 22.Ba6 Bxa6
23.Qxa6 Rg8 24.Qe2 Rg5 25.Nb5 Rcg8 26.g3 Rd8 27.Kh1 Qc5 28.Nxa7 f5 29.b4 Qc3
30.exf5 Rxf5 31.Kg2 Qc7 32.Qe4 Kg7 33.Nc6 Rd5 34.Qg4+ Kh7 35.Qh4 1-0

[Event "17. Int. Offene Wiener Schachmeisterschaft 2011 A-
[Site "Grosser Festsaal im Wiener Rathaus"]
[Date "2011.08.21"]
[Round "9"]
[Board "1"]
[White "Diermair, Andreas"]
[Black "Van der Heijden, Ton"]
[Result "0-1"]
[WhiteElo "2432"]
[BlackElo "2287"]
[PlyCount "64"]
[EventDate "2011.08.13"]
[EventRounds "9"]
[EventCountry "AUT"]

1.Nf3 Nf6 2.g3 g6 3.b3 Bg7 4.Bb2 O-O 5.Bg2 d6 6.d4 Nbd7 7.O-O e5 8.dxe5 Ng4
9.Qd2 dxe5 10.e4 Re8 11.Rd1 c6 12.Na3 Qc7 13.Nc4 Bf8 14.Nd6 Rd8 15.h3 Nxf2
16.Kxf2 Nf6 17.Nxe5 Bxd6 18.Qc3 Bxh3 19.Nxc6 Bxg3+ 20.Ke2 Bg4+ 21.Bf3 Bxf3+
22.Qxf3 Qxc6 23.Rxd8+ Rxd8 24.Bxf6 Qxc2+ 25.Kf1 Rd3 26.Qe2 Rd2 27.Qe3 Rf2+
28.Kg1 Rg2+ 29.Kf1 Rh2 30.Qxg3 Rh1+ 31.Qg1 Rxg1+ 32.Kxg1 Qxe4 0-1

[Event "17. Int. Offene Wiener Schachmeisterschaft 2011 A-
[Site "Grosser Festsaal im Wiener Rathaus"]
[Date "2011.08.21"]
[Round "9"]
[Board "1"]
[White "Zeller, Frank"]
[Black "Enoeckl, Philipp"]
[Result "1/2-1/2"]
[WhiteElo "2395"]
[BlackElo "2277"]
[PlyCount "83"]
[EventDate "2011.08.13"]
[EventRounds "9"]
[EventCountry "AUT"]

1.e4 e6 2.d4 d5 3.Nc3 Bb4 4.e5 c5 5.a3 Bxc3+ 6.bxc3 Ne7 7.h4 Qa5 8.Bd2 Qa4 9.h5
h6 10.Qb1 c4 11.f4 Nbc6 12.Nf3 Bd7 13.g4 O-O-O 14.Be3 f6 15.Bg2 Rdf8 16.Kd2 f5
17.Bh3 Be8 18.Nh4 Kb8 19.Qg1 Rhg8 20.gxf5 Bxh5 21.fxe6 g5 22.Qf2 gxh4 23.Rhg1
Bg6 24.Rxg6 Rxg6 25.Qxh4 a6 26.Qh5 Rfg8 27.Rf1 Rg3 28.Rf3 Qxa3 29.f5 Nxf5
30.Qxf5 Qe7 31.Bxh6 Qh4 32.Bf8 Nxd4 33.Bd6+ Ka8 34.Rxg3 Qxg3 35.cxd4 c3+ 36.Ke2
Qh2+ 37.Qf2 Qxh3 38.e7 Qh5+ 39.Kd3 Ka7 40.Kxc3 Rc8+ 41.Kb2 Qe8 42.Bc5+ 1/2-1/2

[Event "17. Int. Offene Wiener Schachmeisterschaft 2011 A-
[Site "Grosser Festsaal im Wiener Rathaus"]
[Date "2011.08.21"]
[Round "9"]
[Board "1"]
[White "Webersberger, Johann"]
[Black "Steiner, Adam"]
[Result "1-0"]
[WhiteElo "2381"]
[BlackElo "2261"]
[PlyCount "85"]
[EventDate "2011.08.13"]
[EventRounds "9"]
[EventCountry "AUT"]

1.d4 Nf6 2.Bg5 Ne4 3.Bf4 c5 4.f3 Qa5+ 5.c3 Nf6 6.d5 Qb6 7.Bc1 e6 8.c4 Qb4+ 9.Nc3
Qxc4 10.e4 Qd4 11.Bd2 exd5 12.Nge2 Qe5 13.Bf4 Qh5 14.g4 Qh4+ 15.Bg3 Qg5 16.Nb5
dxe4 17.Nc7+ Kd8 18.Nxa8 exf3 19.Bxb8 c4 20.Qd2 Qxd2+ 21.Kxd2 fxe2 22.Bxe2 Bc5
23.Bxc4 d5 24.Bd3 Bd7 25.Bf4 Ne4+ 26.Bxe4 dxe4 27.Nc7 Bc6 28.Rhd1 Kc8 29.Ke2 g5
30.Bg3 h5 31.gxh5 f5 32.Be5 Rxh5 33.Rac1 f4 34.Rxc5 Rxh2+ 35.Ke1 e3 36.Nd5 Rh1+
37.Ke2 f3+ 38.Kxe3 Rxd1 39.Ne7+ Kd7 40.Nxc6 bxc6 41.Kxf3 Ke6 42.Bc3 Rf1+ 43.Kg2 1-0